[Event "Lugano op"]
[Site "Lugano"]
[Date "2019.05.11"]
[Round "2"]
[White "Patuzzo, Fabrizio"]
[Black "Rausis, Igors"]
[Result "0-1"]
[WhiteElo "2304"]
[BlackElo "2653"]
[PlyCount "88"]
[EventDate "2019.05.10"]
[EventType "swiss"]
[EventRounds "5"]
[EventCountry "SUI"]
[SourceTitle "CBM 190 Extra"]
[Source "ChessBase"]
[SourceDate "2019.07.15"]
[SourceVersion "1"]
[SourceVersionDate "2019.07.15"]
[SourceQuality "1"]

1. Nf3 d5 2. e3 Nf6 3. b3 c5 4. Bb2 Nc6 5. Be2 g6 6. d4 cxd4 7. Nxd4 Bg7 8. Nxc6 bxc6 9. Nd2 0-0 10. c4 Qd6 11. 0-0 Ng4 12. Bxg4 Bxb2 13. Rb1 Bf6 14. Rc1 Qb4 15. Bxc8 Rfxc8 16. Qc2 Rd8 17. Rfd1 a5 18. cxd5 cxd5 19. Qc5 e6 20. Nf3 Rdb8 21. Qxb4 Rxb4 22. Ne1 Rbb8 23. Nd3 Be7 24. Ne5 Rc8 25. g3 Ba3 26. Rxc8+ Rxc8 27. Rd2 Bb4 28. Re2 Rc3 29. Kg2 Kg7 30. Nf3 Kf6 31. Ne1 e5 32. Rc2 e4 33. a3 Rxc2 34. Nxc2 Bc3 35. g4 Ke5 36. Kg3 f5 37. gxf5 Kxf5 38. h3 h5 39. b4 a4 40. b5 Ke6 41. Nd4+ Bxd4 42. exd4 g5 43. f3 exf3 44. Kxf3 Kd6 0-1

[Event "Lugano op"]
[Site "Lugano"]
[Date "2019.05.11"]
[Round "3"]
[White "Rausis, Igors"]
[Black "Carron, Julien"]
[Result "1-0"]
[WhiteElo "2653"]
[BlackElo "2340"]
[PlyCount "71"]
[EventDate "2019.05.10"]
[EventType "swiss"]
[EventRounds "5"]
[EventCountry "SUI"]
[SourceTitle "CBM 190 Extra"]
[Source "ChessBase"]
[SourceDate "2019.07.15"]
[SourceVersion "1"]
[SourceVersionDate "2019.07.15"]
[SourceQuality "1"]

1. d4 Nf6 2. c4 e6 3. g3 d5 4. Nf3 Be7 5. Bg2 0-0 6. Nc3 dxc4 7. Ne5 Nc6 8. Bxc6 bxc6 9. Nxc6 Qd6 10. Nxe7+ Qxe7 11. Qa4 Bb7 12. f3 e5 13. dxe5 Qxe5 14. Bf4 Qe6 15. 0-0-0 a5 16. Qb5 Rfb8 17. Qe5 Qa6 18. Qxc7 Rc8 19. Qd6 Bc6 20. Rd2 a4 21. Qa3 Qa5 22. Rhd1 Ra7 23. e4 Nd7 24. Bd6 Rb7 25. Ne2 f5 26. Qc3 Qa8 27. exf5 a3 28. Bxa3 Nb6 29. Qe3 Re8 30. Qf4 Ra7 31. f6 gxf6 32. Qxf6 Rxa3 33. Rd8 Qa4 34. Qe6+ Kf8 35. Qd6+ Kg7 36. Rxe8 1-0

[Event "Lugano op"]
[Site "Lugano"]
[Date "2019.05.10"]
[Round "1"]
[White "Rausis, Igors"]
[Black "Luciani, Valerio"]
[Result "1-0"]
[WhiteElo "2653"]
[BlackElo "2155"]
[PlyCount "85"]
[EventDate "2019.05.10"]
[EventType "swiss"]
[EventRounds "5"]
[EventCountry "SUI"]
[SourceTitle "CBM 190 Extra"]
[Source "ChessBase"]
[SourceDate "2019.07.15"]
[SourceVersion "1"]
[SourceVersionDate "2019.07.15"]
[SourceQuality "1"]

1. d4 d5 2. c4 c6 3. Nf3 Nf6 4. Nc3 dxc4 5. g3 e6 6. Bg2 Nbd7 7. 0-0 Be7 8. e4 b5 9. d5 cxd5 10. exd5 exd5 11. Nxd5 Nxd5 12. Qxd5 Rb8 13. Bf4 Rb6 14. Be3 0-0 15. Rad1 Rd6 16. Qxb5 Nb6 17. Rxd6 Qxd6 18. Ne5 Be6 19. Nc6 Nc8 20. Nxe7+ Nxe7 21. Bxa7 Rc8 22. Bb7 Rd8 23. a4 Bh3 24. Bg2 Bxg2 25. Kxg2 Nc6 26. Bb6 Nd4 27. Qc5 Qxc5 28. Bxc5 Nb3 29. Bb6 Rd6 30. a5 f6 31. Re1 Kf7 32. Re4 Rc6 33. g4 g5 34. Kg3 Nc1 35. Re3 Nd3 36. Re2 Ne5 37. Bd4 Nd7 38. f4 gxf4+ 39. Kxf4 Ra6 40. Bc3 Nc5 41. Rd2 Nd3+ 42. Ke4 Ke6 43. b4 1-0

[Event "CZE-chT 1819"]
[Site "Czech Republic"]
[Date "2019.04.20"]
[Round "10.6"]
[White "Roubalik, Jakub"]
[Black "Rausis, Igors"]
[Result "0-1"]
[WhiteElo "2410"]
[BlackElo "2651"]
[PlyCount "40"]
[EventDate "2018.11.03"]
[EventType "team-tourn"]
[EventRounds "11"]
[EventCountry "CZE"]
[SourceTitle "CBM 190 Extra"]
[Source "ChessBase"]
[SourceDate "2019.07.15"]
[SourceVersion "1"]
[SourceVersionDate "2019.07.15"]
[SourceQuality "1"]
[WhiteTeam "Brno Duras"]
[BlackTeam "Frydek Mistek"]
[WhiteTeamCountry "CZE"]
[BlackTeamCountry "CZE"]

1. d4 d5 2. c4 dxc4 3. e4 Nc6 4. Be3 Nf6 5. f3 e5 6. d5 Nd4 7. Bxc4 Bc5 8. Bf2 c6 9. dxc6 Qb6 10. Qd2 0-0 11. Nc3 Nxc6 12. Bxc5 Qxc5 13. Bb3 Be6 14. Bxe6 fxe6 15. Nh3 Rad8 16. Qf2 Nd4 17. 0-0-0 Nxe4 18. Qe1 Nxc3 19. bxc3 Qa3+ 20. Kb1 Rd6 0-1

[Event "Bohuslavice rapid op 34th"]
[Site "Bohuslavice"]
[Date "2019.03.30"]
[Round "2"]
[White "Mica, Marek"]
[Black "Rausis, Igors"]
[Result "0-1"]
[WhiteElo "2240"]
[BlackElo "2657"]
[PlyCount "38"]
[EventDate "2019.03.30"]
[EventType "swiss (rapid)"]
[EventRounds "9"]
[EventCountry "CZE"]
[SourceTitle "CBM 189 Extra"]
[Source "ChessBase"]
[SourceDate "2019.06.03"]
[SourceVersion "1"]
[SourceVersionDate "2019.06.03"]
[SourceQuality "1"]

1. d4 d5 2. c4 dxc4 3. e4 e5 4. d5 c6 5. Bxc4 Nf6 6. Nc3 Bb4 7. Bg5 Bxc3+ 8. bxc3 Qa5 9. Qd3 cxd5 10. Bxf6 dxc4 11. Qxc4 Be6 12. Qd3 gxf6 13. Ne2 Qa6 14. Qf3 Rg8 15. Ng3 Nd7 16. Qh5 Qd3 17. Rc1 0-0-0 18. c4 Nc5 19. Qxh7 Qd2+ 0-1

[Event "BL2-Sued 1819"]
[Site "Germany"]
[Date "2018.11.10"]
[Round "1.1"]
[White "Rausis, Igors"]
[Black "Noe, Christopher"]
[Result "1-0"]
[WhiteElo "2657"]
[BlackElo "2529"]
[PlyCount "89"]
[EventDate "2018.11.10"]
[EventType "team-tourn"]
[EventRounds "10"]
[EventCountry "GER"]
[SourceTitle "CBM 190 Extra"]
[Source "ChessBase"]
[SourceDate "2019.07.15"]
[SourceVersion "1"]
[SourceVersionDate "2019.07.15"]
[SourceQuality "1"]
[WhiteTeam "Emmendingen"]
[BlackTeam "Eppingen"]
[WhiteTeamCountry "GER"]
[BlackTeamCountry "GER"]

1. e4 e5 2. Nf3 Nc6 3. d4 exd4 4. Nxd4 Bc5 5. Be3 Qf6 6. c3 Nge7 7. Bb5 Bb6 8. 0-0 0-0 9. a4 d5 10. Bxc6 bxc6 11. a5 Bc5 12. Nd2 Ng6 13. f4 dxe4 14. f5 Ne7 15. Qe1 Qe5 16. b4 Bd6 17. Bf4 Qd5 18. Bxd6 cxd6 19. Qxe4 c5 20. Qxe7 cxd4 21. c4 Qc6 22. Qe4 Qxe4 23. Nxe4 d5 24. Nd6 dxc4 25. Rf4 Rb8 26. b5 Bd7 27. b6 axb6 28. a6 b5 29. a7 Ra8 30. Rxd4 c3 31. Ne4 Bxf5 32. Nxc3 Be6 33. Nxb5 Rfc8 34. Rd6 Kf8 35. Rb6 Bd5 36. Rd1 Bb3 37. Rd7 Be6 38. Rdb7 Bd5 39. Nc7 Bxb7 40. Rxb7 Rxc7 41. Rxc7 g6 42. Kf2 Kg7 43. Ke3 Kf6 44. Kd4 Ke6 45. Kc5 1-0

[Event "CZE-chT 1819"]
[Site "Czech Republic"]
[Date "2018.11.04"]
[Round "2.1"]
[White "Rausis, Igors"]
[Black "Petrova, Kristyna"]
[Result "1-0"]
[WhiteElo "2651"]
[BlackElo "2248"]
[PlyCount "119"]
[EventDate "2018.11.03"]
[EventType "team-tourn"]
[EventRounds "11"]
[EventCountry "CZE"]
[SourceTitle "CBM 187 Extra"]
[Source "ChessBase"]
[SourceDate "2018.11.04"]
[SourceVersion "1"]
[SourceVersionDate "2018.11.04"]
[SourceQuality "1"]
[WhiteTeam "Frydek Mistek"]
[BlackTeam "Unichess II"]
[WhiteTeamCountry "CZE"]
[BlackTeamCountry "CZE"]

1. d4 Nf6 2. Bf4 g6 3. Nc3 d5 4. e3 Bg7 5. h4 c5 6. Nb5 Na6 7. c3 h5 8. Nf3 0-0 9. Be2 Ng4 10. 0-0 Bf5 11. Rc1 c4 12. b3 cxb3 13. Qxb3 Qd7 14. c4 Be6 15. c5 Rfc8 16. Ng5 Bf5 17. f3 Nh6 18. e4 f6 19. exf5 fxg5 20. hxg5 Nxf5 21. Rfd1 h4 22. Kh2 Nb8 23. Nc3 e6 24. Bd3 Nxd4 25. Qb1 Qf7 26. Bd6 Nf5 27. Bxf5 gxf5 28. Qb4 d4 29. Ne2 Nc6 30. Qe1 e5 31. Qxh4 Ne7 32. f4 Ng6 33. Qh5 Re8 34. fxe5 Nxe5 35. Qxf7+ Kxf7 36. Nxd4 Kg6 37. Kg3 Kxg5 38. Rf1 Nd3 39. Nf3+ Kg6 40. Rb1 f4+ 41. Kg4 b6 42. cxb6 axb6 43. Rb3 Nb2 44. Rc1 Re6 45. Bxf4 Ra4 46. Nh4+ Kh7 47. Rc7 Nc4 48. g3 Ne5+ 49. Kh3 Ng6 50. Nf5 Nxf4+ 51. gxf4 Rg6 52. Rg3 Rxf4 53. Nxg7 Rxg3+ 54. Kxg3 Ra4 55. Ne8+ Kg6 56. Rc2 Kf5 57. Nd6+ Ke6 58. Nc4 b5 59. Re2+ Kf6 60. Nd2 1-0

[Event "CZE-chT 1819"]
[Site "Czech Republic"]
[Date "2018.11.03"]
[Round "1.2"]
[White "Kislinsky, Alexey"]
[Black "Rausis, Igors"]
[Result "1/2-1/2"]
[WhiteElo "2430"]
[BlackElo "2651"]
[PlyCount "32"]
[EventDate "2018.11.03"]
[EventType "team-tourn"]
[EventRounds "11"]
[EventCountry "CZE"]
[SourceTitle "CBM 187 Extra"]
[Source "ChessBase"]
[SourceDate "2018.11.04"]
[SourceVersion "1"]
[SourceVersionDate "2018.11.04"]
[SourceQuality "1"]
[WhiteTeam "Lysa nad Labem"]
[BlackTeam "Frydek Mistek"]
[WhiteTeamCountry "CZE"]
[BlackTeamCountry "CZE"]

1. e4 c6 2. d4 d5 3. exd5 cxd5 4. c4 Nf6 5. Nc3 Nc6 6. Nf3 Bg4 7. cxd5 Nxd5 8. Qb3 Bxf3 9. gxf3 e6 10. Qxb7 Nxd4 11. Bb5+ Nxb5 12. Qc6+ Ke7 13. Qc5+ Qd6 14. Nxd5+ exd5 15. Qxb5 Rb8 16. Qd3 Kd7 1/2-1/2

[Event "Sautron op 18th"]
[Site "Sautron "]
[Date "2018.10.20"]
[Round "5.1"]
[White "Rausis, Igors"]
[Black "Gascon del Nogal, Jose Rafael"]
[Result "1-0"]
[WhiteElo "2651"]
[BlackElo "2471"]
[PlyCount "109"]
[EventDate "2018.10.20"]
[EventType "swiss"]
[EventRounds "9"]
[EventCountry "FRA"]
[SourceTitle "EXT 2021"]
[Source "ChessBase"]
[SourceDate "2020.10.23"]
[SourceVersion "1"]
[SourceVersionDate "2020.10.23"]
[SourceQuality "1"]

1. d4 Nf6 2. c4 e6 3. Nf3 d5 4. g3 Bb4+ 5. Nc3 0-0 6. Bg2 dxc4 7. 0-0 c5 8. dxc5 Qa5 9. Qd4 Nc6 10. Qxc4 Qxc5 11. Qxc5 Bxc5 12. Bf4 Bd7 13. Rac1 Rac8 14. Nb5 Be7 15. Rfd1 e5 16. Nxe5 Nxe5 17. Rxc8 Rxc8 18. Nxa7 Rc5 19. b4 Ba4 20. bxc5 Bxd1 21. Bxe5 Bxc5 22. Nc8 Ng4 23. Bd6 Bxf2+ 24. Kf1 Bd4 25. Ne7+ Kh8 26. Nf5 Bc3 27. h3 Ne5 28. Bxb7 Nc4 29. Bc5 Nd2+ 30. Kf2 Bc2 31. Nd6 f5 32. Bd5 h5 33. a3 Bb2 34. Bb4 Nb1 35. Nb5 Ba4 36. Ba2 Bxb5 37. Bxb1 g6 38. Bc2 Bd4+ 39. e3 Be5 40. a4 Ba6 41. Bd1 Kg7 42. a5 Kf6 43. Bc5 Ke6 44. Bb3+ Kf6 45. Bd4 h4 46. gxh4 f4 47. Bxe5+ Kxe5 48. exf4+ Kxf4 49. Bc2 g5 50. h5 Ke5 51. h6 Kf6 52. Bf5 Bc4 53. Kg3 Ba6 54. h7 Kg7 55. Kg4 1-0

[Event "CZE-chT 1718"]
[Site "Czech Republic"]
[Date "2018.04.08"]
[Round "11.2"]
[White "Rausis, Igors"]
[Black "Cvek, Robert"]
[Result "1/2-1/2"]
[WhiteElo "2626"]
[BlackElo "2504"]
[PlyCount "65"]
[EventDate "2017.11.18"]
[EventType "team-tourn"]
[EventRounds "11"]
[EventCountry "CZE"]
[SourceTitle "EXT 2019"]
[Source "ChessBase"]
[SourceDate "2018.10.10"]
[SourceVersion "1"]
[SourceVersionDate "2018.10.10"]
[SourceQuality "1"]
[WhiteTeam "Frydek Mistek"]
[BlackTeam "Poruba Slavoj"]
[WhiteTeamCountry "CZE"]
[BlackTeamCountry "CZE"]

1. c4 Nf6 2. Nc3 g6 3. g3 Bg7 4. Bg2 0-0 5. Nf3 d6 6. d4 c6 7. 0-0 Bf5 8. Re1 Ne4 9. Nxe4 Bxe4 10. Bh3 d5 11. Ng5 Na6 12. Be3 Qb6 13. Qd2 Rfd8 14. Red1 Qb4 15. Nxe4 dxe4 16. Qc2 f5 17. a3 Qd6 18. Rd2 e6 19. Rad1 Qe7 20. f3 exf3 21. exf3 e5 22. d5 cxd5 23. cxd5 Qd6 24. Bf1 Rdc8 25. Qa4 Nc5 26. Qb4 Bf8 27. Rc2 Rc7 28. Rdc1 Rac8 29. Qe1 Nb3 30. Rxc7 Rxc7 31. Rxc7 Qxc7 32. Qd1 Nd4 33. Bxd4 1/2-1/2

[Event "CZE-chT 1718"]
[Site "Czech Republic"]
[Date "2018.04.06"]
[Round "9.1"]
[White "Straka, Vojtech"]
[Black "Rausis, Igors"]
[Result "0-1"]
[WhiteElo "2337"]
[BlackElo "2626"]
[PlyCount "66"]
[EventDate "2017.11.18"]
[EventType "team-tourn"]
[EventRounds "11"]
[EventCountry "CZE"]
[SourceTitle "EXT 2019"]
[Source "ChessBase"]
[SourceDate "2018.10.10"]
[SourceVersion "1"]
[SourceVersionDate "2018.10.10"]
[SourceQuality "1"]
[WhiteTeam "Tatran Litovel"]
[BlackTeam "Frydek Mistek"]
[WhiteTeamCountry "CZE"]
[BlackTeamCountry "CZE"]

1. d4 d5 2. c4 dxc4 3. Nf3 Nf6 4. e3 e6 5. Bxc4 c5 6. 0-0 Nc6 7. Qe2 cxd4 8. Rd1 Be7 9. exd4 0-0 10. Nc3 Na5 11. Bd3 b6 12. Bc2 Bb7 13. Qd3 Rc8 14. Bg5 g6 15. Bh6 Nc4 16. Bxf8 Qxf8 17. Rab1 Bb4 18. Ne5 Nxb2 19. Rxb2 Bxc3 20. Rbb1 Qd6 21. Nf3 Bb4 22. Qb3 a5 23. Bd3 Ng4 24. Ne5 Nxf2 25. Bxg6 hxg6 26. Kxf2 b5 27. Qb2 Bc3 28. Qxb5 Bxd4+ 29. Ke1 Ba6 30. Rxd4 Qxd4 31. Qxa6 Qxe5+ 32. Qe2 Qxh2 33. Rd1 Qg1+ 0-1

[Event "Fagernes TV2 GM op"]
[Site "Fagernes"]
[Date "2018.03.30"]
[Round "7"]
[White "Rausis, Igors"]
[Black "Haldorsen, Benjamin"]
[Result "1-0"]
[WhiteElo "2635"]
[BlackElo "2408"]
[PlyCount "69"]
[EventDate "2018.03.25"]
[EventType "swiss"]
[EventRounds "9"]
[EventCountry "NOR"]
[SourceTitle "CBM 183 Extra"]
[Source "ChessBase"]
[SourceDate "2018.04.19"]
[SourceVersion "1"]
[SourceVersionDate "2018.04.19"]
[SourceQuality "1"]

1. c4 e5 2. Nc3 Nc6 3. Nf3 g6 4. d4 exd4 5. Nxd4 Bg7 6. Nxc6 bxc6 7. g3 Ne7 8. Bg2 0-0 9. 0-0 Rb8 10. Qc2 c5 11. Be3 d6 12. Rad1 Bd7 13. Bg5 h6 14. Bd2 Bc6 15. e4 f5 16. b3 fxe4 17. Nxe4 Nf5 18. Nf6+ Qxf6 19. Bxc6 Nd4 20. Bd5+ Kh7 21. Qd3 Nf3+ 22. Kg2 Nxd2 23. Qxd2 Rbe8 24. Bc6 Re7 25. Rfe1 Rff7 26. Bd5 Qc3 27. Re2 Rxe2 28. Qxe2 Rf5 29. Be4 Rf7 30. h4 Bd4 31. Rd3 Qc1 32. Rf3 Rxf3 33. Qxf3 Kg7 34. Qg4 g5 35. Qd7+ 1-0

[Event "Fagernes TV2 GM op"]
[Site "Fagernes"]
[Date "2018.03.27"]
[Round "4"]
[White "Lien, Kjell Hakon"]
[Black "Rausis, Igors"]
[Result "0-1"]
[WhiteElo "2133"]
[BlackElo "2635"]
[PlyCount "58"]
[EventDate "2018.03.25"]
[EventType "swiss"]
[EventRounds "9"]
[EventCountry "NOR"]
[SourceTitle "CBM 183 Extra"]
[Source "ChessBase"]
[SourceDate "2018.04.19"]
[SourceVersion "1"]
[SourceVersionDate "2018.04.19"]
[SourceQuality "1"]

1. c4 c5 2. Nc3 g6 3. Nf3 Bg7 4. e3 Nf6 5. Be2 0-0 6. 0-0 d5 7. cxd5 Nxd5 8. Qc2 Nb4 9. Qd1 N8c6 10. d3 Bf5 11. Ne1 Qd7 12. a3 Na6 13. Ne4 Rfd8 14. Ng3 Be6 15. Qc2 Rac8 16. Bd2 c4 17. Bc3 cxd3 18. Nxd3 Na5 19. Rac1 Bxc3 20. bxc3 Bb3 21. Qb2 Qa4 22. Nb4 Nc4 23. Bxc4 Bxc4 24. Ne2 Nc5 25. Rc2 a5 26. Na2 Ne4 27. Nac1 Rc5 28. Qxb7 Qxc2 29. Qxe7 Rd1 0-1

[Event "BL2-Sued 1718"]
[Site "Germany"]
[Date "2018.02.25"]
[Round "10.1"]
[White "Mamedyarov, Shakhriyar"]
[Black "Rausis, Igors"]
[Result "1/2-1/2"]
[WhiteElo "2791"]
[BlackElo "2632"]
[PlyCount "41"]
[EventDate "2017.10.21"]
[EventType "team-tourn"]
[EventRounds "10"]
[EventCountry "GER"]
[SourceTitle "CBM 183 Extra"]
[Source "ChessBase"]
[SourceDate "2018.04.19"]
[SourceVersion "1"]
[SourceVersionDate "2018.04.19"]
[SourceQuality "1"]
[WhiteTeam "Viernheim"]
[BlackTeam "Emmendingen"]
[WhiteTeamCountry "GER"]
[BlackTeamCountry "GER"]

1. d4 Nf6 2. c4 e6 3. Nc3 d5 4. cxd5 Nxd5 5. e4 Nxc3 6. bxc3 c5 7. Rb1 Be7 8. Bb5+ Nd7 9. Ne2 0-0 10. 0-0 a6 11. Bd3 b5 12. e5 Bb7 13. Ng3 cxd4 14. cxd4 f5 15. Bc4 bxc4 16. Rxb7 Rb8 17. Rxb8 Nxb8 18. Ne2 Nc6 19. Qa4 Nxd4 20. Qxc4 Nxe2+ 21. Qxe2 1/2-1/2

[Event "EU-ch rapid"]
[Site "Katowice"]
[Date "2017.12.17"]
[Round "9"]
[White "Mazurkiewicz, Michal"]
[Black "Rausis, Igors"]
[Result "1/2-1/2"]
[WhiteElo "2215"]
[BlackElo "2632"]
[PlyCount "143"]
[EventDate "2017.12.16"]
[EventType "swiss (rapid)"]
[EventRounds "11"]
[EventCountry "POL"]
[SourceTitle "CBM 182 Extra"]
[Source "ChessBase"]
[SourceDate "2018.02.23"]
[SourceVersion "1"]
[SourceVersionDate "2018.02.23"]
[SourceQuality "1"]

1. e4 c6 2. d3 d5 3. Nd2 g6 4. g3 Bg7 5. Bg2 b6 6. Ngf3 dxe4 7. dxe4 Ba6 8. c4 Nf6 9. 0-0 0-0 10. e5 Ne8 11. Qe2 Nc7 12. Ne4 h6 13. Rd1 Qc8 14. h4 Ne6 15. Be3 c5 16. Nc3 Nc6 17. Nd5 Re8 18. Rac1 Rb8 19. Kh2 b5 20. b3 bxc4 21. bxc4 Nb4 22. Qd2 Kh7 23. a3 Nc6 24. Bh3 Rb3 25. h5 Ncd8 26. hxg6+ fxg6 27. Qc2 Qb7 28. Nh4 Nf8 29. Nxg6 Nxg6 30. Bf5 Rf8 31. Bxg6+ Kh8 32. Nf4 Rb2 33. Qd3 Qc7 34. Be4 Rb6 35. Ng6+ Rxg6 36. Bxg6 Qxe5 37. Qe4 Qf6 38. Qg4 Ne6 39. Be4 Bc8 40. Qg6 Qxg6 41. Bxg6 Nd4 42. Be4 Bg4 43. Rd3 Rb8 44. Bf4 Rb2 45. Rd2 Rb3 46. Kg2 Kg8 47. Rb1 Bf3+ 48. Bxf3 Rxb1 49. Bd5+ e6 50. Be4 Rb3 51. a4 Kf7 52. a5 Rb4 53. a6 Rxc4 54. Bb8 Ra4 55. Bxa7 Rxa6 56. Bxc5 Ra4 57. f3 e5 58. Rb2 Ra6 59. Rb7+ Kf6 60. Be7+ Ke6 61. Bh4 Bf6 62. Rh7 Bxh4 63. gxh4 Nf5 64. Kh3 Ra1 65. Rh8 Rh1+ 66. Kg2 Rxh4 67. Re8+ Kf7 68. Rxe5 Ng7 69. Ra5 Rh5 70. Ra7+ Kf6 71. Ra6+ Ke5 72. Ra5+ 1/2-1/2

[Event "EU-ch rapid"]
[Site "Katowice"]
[Date "2017.12.17"]
[Round "10"]
[White "Rausis, Igors"]
[Black "Batashevs, Arsens"]
[Result "1-0"]
[WhiteElo "2632"]
[BlackElo "2139"]
[PlyCount "52"]
[EventDate "2017.12.16"]
[EventType "swiss (rapid)"]
[EventRounds "11"]
[EventCountry "POL"]
[SourceTitle "CBM 182 Extra"]
[Source "ChessBase"]
[SourceDate "2018.02.23"]
[SourceVersion "1"]
[SourceVersionDate "2018.02.23"]
[SourceQuality "1"]

1. Nf3 g6 2. e4 Bg7 3. d4 d6 4. c3 Nf6 5. Bd3 Bg4 6. Nbd2 Nbd7 7. Qb3 Bxf3 8. Nxf3 Rb8 9. e5 dxe5 10. dxe5 Ng4 11. e6 Nc5 12. Qb5+ Kf8 13. Qxc5 Qxd3 14. exf7 Rd8 15. Bd2 Ne5 16. 0-0-0 Qxf3 17. Bg5 Rxd1+ 18. Rxd1 Qxd1+ 19. Kxd1 Nc6 20. Qd5 h6 21. Bf4 Bf6 22. Bxc7 Kg7 23. Kc2 Rf8 24. Qb5 Nd8 25. Bxd8 Rxd8 26. Qe8 e5 1-0

[Event "EU-ch rapid"]
[Site "Katowice"]
[Date "2017.12.16"]
[Round "1"]
[White "Ofierzynski, Krystian"]
[Black "Rausis, Igors"]
[Result "0-1"]
[WhiteElo "1635"]
[BlackElo "2632"]
[PlyCount "76"]
[EventDate "2017.12.16"]
[EventType "swiss (rapid)"]
[EventRounds "11"]
[EventCountry "POL"]
[SourceTitle "CBM 182 Extra"]
[Source "ChessBase"]
[SourceDate "2018.02.23"]
[SourceVersion "1"]
[SourceVersionDate "2018.02.23"]
[SourceQuality "1"]

1. e4 c6 2. d4 d5 3. exd5 cxd5 4. Nf3 Nc6 5. c3 Qc7 6. Bd3 Bg4 7. Be3 Nf6 8. Nbd2 e6 9. 0-0 Bd6 10. Qc2 Bh5 11. h3 Bg6 12. Rfe1 Bxd3 13. Qxd3 0-0 14. Bg5 Nd7 15. Nf1 Na5 16. b3 Rac8 17. Rac1 a6 18. Bd2 b5 19. Ne3 Nf6 20. Nd1 Ne4 21. Rxe4 dxe4 22. Qxe4 h6 23. Ne3 Rfe8 24. Qh4 Bf4 25. g3 Bxe3 26. Bxe3 Nc6 27. g4 Qd8 28. g5 e5 29. Qh5 exd4 30. cxd4 Nxd4 31. Nxd4 Rxc1+ 32. Bxc1 Qxd4 33. Be3 Rxe3 34. fxe3 Qxe3+ 35. Kh2 Qf4+ 36. Kg2 Qxg5+ 37. Qxg5 hxg5 38. Kg3 f5 0-1

[Event "EU-ch rapid"]
[Site "Katowice"]
[Date "2017.12.16"]
[Round "6"]
[White "Rausis, Igors"]
[Black "Sliwicki, Damian"]
[Result "1-0"]
[WhiteElo "2632"]
[BlackElo "2148"]
[PlyCount "113"]
[EventDate "2017.12.16"]
[EventType "swiss (rapid)"]
[EventRounds "11"]
[EventCountry "POL"]
[SourceTitle "CBM 182 Extra"]
[Source "ChessBase"]
[SourceDate "2018.02.23"]
[SourceVersion "1"]
[SourceVersionDate "2018.02.23"]
[SourceQuality "1"]

1. d4 Nf6 2. Bg5 Ne4 3. Bh4 d5 4. Nd2 Nxd2 5. Qxd2 g6 6. Nf3 Bg7 7. e3 c5 8. c3 cxd4 9. exd4 Nc6 10. Bd3 Bg4 11. Qf4 Bxf3 12. Qxf3 0-0 13. 0-0 Qd7 14. Rfe1 e5 15. dxe5 Nxe5 16. Qe2 Nxd3 17. Qxd3 Rfe8 18. h3 Rxe1+ 19. Rxe1 Qa4 20. Bg3 Qxa2 21. Qb5 Qa6 22. Qxd5 Bf8 23. Re4 Qc6 24. Qxc6 bxc6 25. Ra4 a6 26. Kf1 f5 27. Ke2 Kf7 28. Kd3 Ke6 29. Kc4 Bd6 30. Bxd6 Kxd6 31. b4 Kc7 32. Ra5 Kb6 33. Re5 Rd8 34. Re2 Rd5 35. f4 a5 36. g4 axb4 37. cxb4 fxg4 38. hxg4 h5 39. g5 Rd1 40. Re6 Rf1 41. Rf6 h4 42. b5 h3 43. Rxc6+ Kb7 44. Rxg6 Rxf4+ 45. Kc5 Rh4 46. Rg7+ Kc8 47. Kc6 Kd8 48. Rd7+ Ke8 49. Rd1 Kf7 50. b6 Kg6 51. b7 Rb4 52. Rh1 Rc4+ 53. Kb5 Rc2 54. Rb1 h2 55. b8Q h1Q 56. Qg8+ Kf5 57. Rxh1 1-0

[Event "EU-ch blitz"]
[Site "Katowice"]
[Date "2017.12.15"]
[Round "5"]
[White "Gazik, Igor"]
[Black "Rausis, Igors"]
[Result "0-1"]
[WhiteElo "2257"]
[BlackElo "2632"]
[PlyCount "116"]
[EventDate "2017.12.15"]
[EventType "swiss (blitz)"]
[EventRounds "22"]
[EventCountry "POL"]
[SourceTitle "CBM 182 Extra"]
[Source "ChessBase"]
[SourceDate "2018.02.23"]
[SourceVersion "1"]
[SourceVersionDate "2018.02.23"]
[SourceQuality "1"]

1. e4 c6 2. d4 d5 3. exd5 cxd5 4. Bd3 Nc6 5. c3 Qc7 6. h3 g6 7. Nf3 Bf5 8. Bxf5 gxf5 9. 0-0 Nf6 10. Qd3 e6 11. Re1 Ne4 12. Ng5 Be7 13. Nxe4 fxe4 14. Qe2 0-0-0 15. b4 Bd6 16. a4 Rhg8 17. Na3 Kb8 18. Nb5 Qd7 19. a5 Rg6 20. Nxd6 Qxd6 21. Kh1 Rdg8 22. g3 Ka8 23. b5 Ne7 24. Bf4 Qd7 25. Reb1 e5 26. Bxe5 Qxh3+ 27. Kg1 Nf5 28. Qf1 Qh5 29. Qg2 Nh4 30. Qh3 Nf3+ 31. Kg2 Qxh3+ 32. Kxh3 Rh6+ 33. Kg2 Rh2+ 34. Kf1 e3 35. fxe3 Nxe5 36. dxe5 Rxg3 37. Ra4 Rxe3 38. Rf4 Rxe5 39. Rxf7 Re8 40. Kg1 Ra2 41. Rbf1 Rxa5 42. Rf8 Rb8 43. R8f5 Rxb5 44. c4 Rg8+ 45. Kh2 Rb2+ 46. Kh3 a5 47. Rxd5 b6 48. Rd7 Rb3+ 49. Kh4 Rb2 50. Kh3 Rb3+ 51. Kh4 Rb4 52. Rff7 Rxc4+ 53. Kh5 Rc1 54. Ra7+ Kb8 55. Rfb7+ Kc8 56. Rg7 Rh1+ 57. Kg5 Rxg7+ 58. Rxg7 Rg1+ 0-1

[Event "EU-ch blitz"]
[Site "Katowice"]
[Date "2017.12.15"]
[Round "7"]
[White "Rausis, Igors"]
[Black "McShane, Luke J"]
[Result "1/2-1/2"]
[WhiteElo "2632"]
[BlackElo "2640"]
[PlyCount "168"]
[EventDate "2017.12.15"]
[EventType "swiss (blitz)"]
[EventRounds "22"]
[EventCountry "POL"]
[SourceTitle "CBM 182 Extra"]
[Source "ChessBase"]
[SourceDate "2018.02.23"]
[SourceVersion "1"]
[SourceVersionDate "2018.02.23"]
[SourceQuality "1"]

1. e4 e5 2. Nf3 Nc6 3. Bb5 Nf6 4. 0-0 Bc5 5. c3 Bb6 6. d4 0-0 7. Re1 d6 8. Na3 Bg4 9. Bxc6 bxc6 10. dxe5 Nd7 11. Nc4 dxe5 12. h3 Bh5 13. a4 f6 14. b4 Bf7 15. Nfd2 a6 16. Qe2 Re8 17. Nb3 Nf8 18. Nba5 Qd7 19. Be3 Rab8 20. Rad1 Qe6 21. Rd2 Ng6 22. Red1 Nf4 23. Qg4 Bxa5 24. Nxa5 Rbc8 25. Qxe6 Rxe6 26. Nb7 g5 27. Nc5 Ree8 28. Nxa6 Ne6 29. Nc5 Nxc5 30. Bxc5 Bb3 31. Ra1 Red8 32. Rxd8+ Rxd8 33. a5 Kf7 34. a6 Ra8 35. a7 Ke6 36. f3 Kd7 37. Kf2 Kc8 38. Ke3 Kb7 39. Rb1 Ba4 40. Rb2 Rd8 41. Rd2 Rxd2 42. Kxd2 Bb5 43. Ke3 Bf1 44. Kf2 Bd3 45. Ke3 Bf1 46. Kf2 Bd3 47. Kg3 f5 48. exf5 Bxf5 49. h4 gxh4+ 50. Kxh4 Bd3 51. Kg3 Ka8 52. Kf2 Kb7 53. g4 Bc2 54. Ke3 Bd1 55. Kf2 Ka8 56. Kg3 Kb7 57. Kg2 Ka8 58. Bf2 Kb7 59. Be3 Ka8 60. Bc5 Kb7 61. Kg3 Ka8 62. Kf2 Kb7 63. Ke3 Ka8 64. Ke4 Kb7 65. Be7 Kxa7 66. Bf6 Kb6 67. Bxe5 Kb7 68. Kf4 Kc8 69. Kg3 Kd7 70. f4 h5 71. gxh5 Bxh5 72. f5 c5 73. bxc5 c6 74. Kf4 Ke7 75. Kg5 Be8 76. Bd4 Bd7 77. Kf4 Be8 78. Ke5 Bf7 79. Be3 Bd5 80. Bg5+ Kf7 81. Kd6 Be4 82. f6 Bd5 83. Bh4 Be4 84. c4 Bf3 1/2-1/2